[Event "IV Weekend A"]
[Site "Lesa ITA"]
[Date "2015.09.19"]
[Round "2"]
[White "Bargeri, Ludovico"]
[Black "Boschetti, Claudio"]
[WhiteElo "2092"]
[BlackElo "2158"]
[Result "1/2-1/2"]
[PlyCount "80"]
[EventDate "2015.09.18"]

1. b3 d6 2. Bb2 Nd7 3. e3 e5 4. d4 c6 5. Nf3 e4 6. Nfd2 d5 7. c4 f5 8. Nc3 Ngf6
9. Qc2 a6 10. Be2 Bd6 11. f3 O-O 12. f4 b5 13. c5 Bc7 14. O-O-O a5 15. Rdg1 Rf7
16. h3 Nf8 17. Nf1 g6 18. g4 Kh8 19. g5 Ne8 20. h4 Ng7 21. Ng3 Nfe6 22. Qd2 Ba6
23. h5 Kg8 24. hxg6 hxg6 25. Rh6 Nf8 26. Rgh1 Rd7 27. Rh8+ Kf7 28. R1h6 b4 29.
Na4 Bb5 30. Bd1 Qe7 31. Qh2 Rdd8 32. Nh5 Nfe6 33. Rxd8 Rxd8 34. Nxg7 Nxg7 35.
Kd2 Rg8 36. Bc1 Ne6 37. Rh7+ Rg7 38. Qh6 Rxh7 39. Qxh7+ Ng7 40. Ke1 Qd8 1/2-1/2

[Event "IV Weekend A"]
[Site "Lesa ITA"]
[Date "2015.09.19"]
[Round "2"]
[White "Gemelli, Giovanni"]
[Black "Bejo, Armand"]
[WhiteElo "1943"]
[BlackElo "1655"]
[Result "1-0"]
[PlyCount "79"]
[EventDate "2015.09.18"]

1. e4 e5 2. Nf3 Nf6 3. Nxe5 d6 4. Nf3 Nxe4 5. d4 d5 6. Bd3 Bd6 7. O-O O-O 8. h3
h6 9. Nc3 Nf6 10. Be3 c6 11. Qd2 Nh7 12. Ne2 Nd7 13. c4 Ndf6 14. Nc3 Bb4 15.
Qc2 Bxc3 16. bxc3 Be6 17. cxd5 Bxd5 18. Ne5 Rc8 19. c4 Be6 20. f4 Re8 21. Qf2
Qe7 22. f5 Bd7 23. Qg3 Kh8 24. Rae1 Qf8 25. c5 Re7 26. Bc4 Be8 27. Qf3 Nd7 28.
Bf4 Rxe5 29. Bxe5 Nxc5 30. dxc5 Qxc5+ 31. Qe3 Qxe3+ 32. Rxe3 f6 33. Bf4 Bd7 34.
Rfe1 Ng5 35. Re7 Bxf5 36. Re8+ Rxe8 37. Rxe8+ Kh7 38. Bxg5 hxg5 39. Rd8 b5 40.
Bd3 1-0

[Event "IV Weekend A"]
[Site "Lesa ITA"]
[Date "2015.09.19"]
[Round "2"]
[White "Hofmann, Colin"]
[Black "Agnello, Francesco Claudio"]
[WhiteElo "1904"]
[BlackElo "1945"]
[Result "1-0"]
[PlyCount "53"]
[EventDate "2015.09.18"]

1. e4 c5 2. Nf3 e6 3. d4 cxd4 4. Nxd4 a6 5. c4 Nf6 6. Nc3 Bb4 7. f3 Qc7 8. Be3
d5 9. Qa4+ Nc6 10. Nxc6 Bxc3+ 11. bxc3 Qxc6 12. Qxc6+ bxc6 13. cxd5 exd5 14.
exd5 Nxd5 15. Bd4 O-O 16. Rb1 c5 17. c4 cxd4 18. cxd5 Bf5 19. Rd1 Rfe8+ 20. Kf2
Rec8 21. a4 d3 22. Bxd3 Bxd3 23. Rxd3 Rc4 24. d6 Rxa4 25. d7 Rd8 26. Re1 Kf8
27. Rde3 1-0

[Event "IV Weekend A"]
[Site "Lesa ITA"]
[Date "2015.09.19"]
[Round "2"]
[White "Paleologu, Vladimir"]
[Black "Medici, Simone"]
[WhiteElo "2158"]
[BlackElo "2110"]
[Result "1/2-1/2"]
[PlyCount "57"]
[EventDate "2015.09.18"]

1. e4 e5 2. Nf3 d6 3. d4 Nf6 4. Nbd2 Nbd7 5. c3 Be7 6. g4 h6 7. h3 c6 8. Bg2
Qc7 9. Qc2 Nf8 10. dxe5 dxe5 11. Nc4 Ng6 12. Be3 Be6 13. Ncd2 Nd7 14. Nf1 O-O-O
15. Ng3 Nf4 16. Bxf4 exf4 17. Nf5 Bf6 18. N5d4 Bc4 19. O-O-O g6 20. Bf1 Bxf1
21. Rhxf1 Rhe8 22. Rfe1 Nc5 23. Re2 Re7 24. Rde1 Rde8 25. Nb3 Nd7 26. Nbd2 Nc5
27. Nb3 Nd7 28. Nbd2 Nc5 29. Nb3 1/2-1/2

[Event "IV Weekend A"]
[Site "Lesa ITA"]
[Date "2015.09.19"]
[Round "2"]
[White "Pedoni, Lorenzo"]
[Black "Floris, Federico"]
[WhiteElo "1969"]
[BlackElo "1905"]
[Result "1/2-1/2"]
[PlyCount "93"]
[EventDate "2015.09.18"]

1. c4 e6 2. g3 d5 3. Bg2 Nf6 4. Nf3 c5 5. b3 Nc6 6. Bb2 Bd6 7. cxd5 exd5 8. d4
O-O 9. O-O Re8 10. dxc5 Bxc5 11. Nc3 Bg4 12. Rc1 Bf8 13. h3 Bf5 14. e3 Qd7 15.
g4 Be4 16. Nxe4 Nxe4 17. Nd4 a5 18. a3 h6 19. Ne2 Rad8 20. Nc3 Nf6 21. Nb5 Be7
22. Nd4 Nh7 23. Nxc6 bxc6 24. Qd2 Rb8 25. Qc2 Rec8 26. Rfd1 Qb7 27. Be5 Ra8 28.
Qb2 Bf6 29. e4 Bxe5 30. Qxe5 dxe4 31. Bxe4 Nf6 32. Bf5 Re8 33. Qc3 Rab8 34. Rb1
Qb6 35. Rd6 Re2 36. Qf3 Rbe8 37. Rbd1 Rb2 38. R6d3 Ra2 39. h4 Nd5 40. Be4 Rxa3
41. Bxd5 cxd5 42. Qxd5 Ra2 43. Rf3 Re6 44. Qd8+ Qxd8 45. Rxd8+ Kh7 46. Rxf7 Re4
47. h5 1/2-1/2

[Event "IV Weekend A"]
[Site "Lesa ITA"]
[Date "2015.09.19"]
[Round "2"]
[White "Schmid, Christoph"]
[Black "Barletta, Mauro"]
[WhiteElo "1990"]
[BlackElo "2151"]
[Result "1-0"]
[PlyCount "95"]
[EventDate "2015.09.18"]

1. d4 e6 2. c4 f5 3. g3 Nf6 4. Bg2 Be7 5. Nf3 d6 6. O-O O-O 7. Nc3 Ne4 8. Nxe4
fxe4 9. Nd2 d5 10. cxd5 exd5 11. Qb3 Kh8 12. f3 Nc6 13. e3 exf3 14. Nxf3 Bg4
15. Bd2 Qd7 16. Rac1 Rab8 17. a4 a6 18. Rf2 Bf6 19. Ne1 Bg5 20. Rxf8+ Rxf8 21.
Nc2 Be6 22. Qxb7 Rb8 23. Qxa6 Rxb2 24. Bc3 Rb3 25. Bd2 Bf5 26. Na1 Rb2 27. Nb3
Nb8 28. Qb7 Qe8 29. Re1 Bc2 30. Bxd5 Bxb3 31. Bc1 Rb1 32. Bxb3 Rxc1 33. Rxc1
Bxe3+ 34. Kg2 Bxc1 35. Qxc7 Qe2+ 36. Kh3 Qf1+ 37. Kg4 h5+ 38. Kh4 Qf6+ 39. Kh3
Qf1+ 40. Kh4 Qf6+ 41. Kh3 Nc6 42. Qc8+ Kh7 43. Qg8+ Kh6 44. Qh8+ Kg6 45. Kg2
Qxd4 46. h4 Kf6 47. Qf8+ Ke5 48. Qxg7+ 1-0

[Event "IV Weekend A"]
[Site "Lesa ITA"]
[Date "2015.09.19"]
[Round "2"]
[White "Stefanetti, Marco"]
[Black "Rickly, Matthieu"]
[WhiteElo "2113"]
[BlackElo "2043"]
[Result "1/2-1/2"]
[PlyCount "45"]
[EventDate "2015.09.18"]

1. e4 e5 2. Nf3 Nc6 3. Bc4 Bc5 4. c3 Nf6 5. d3 a6 6. Bb3 Ba7 7. Nbd2 O-O 8. Nf1
d5 9. Qe2 dxe4 10. dxe4 Ng4 11. Ne3 Nxe3 12. Bxe3 Bxe3 13. Qxe3 Qe7 14. O-O Na5
15. Rfd1 Nxb3 16. axb3 f6 17. Rd2 Be6 18. b4 Rfd8 19. Rad1 Bb3 20. Rxd8+ Rxd8
21. Rxd8+ Qxd8 22. Qd2 Qxd2 23. Nxd2 1/2-1/2

[Event "IV Weekend A"]
[Site "Lesa ITA"]
[Date "2015.09.19"]
[Round "3"]
[White "Agnello, Francesco Claudio"]
[Black "Bejo, Armand"]
[WhiteElo "1945"]
[BlackElo "1655"]
[Result "1-0"]
[PlyCount "89"]
[EventDate "2015.09.18"]

1. e4 e5 2. Nf3 Nf6 3. Nc3 d6 4. d4 exd4 5. Nxd4 Be7 6. f3 O-O 7. Bc4 Bd7 8.
Be3 Nc6 9. Qd2 Ne5 10. Be2 a6 11. a4 c5 12. Nb3 Be6 13. Nd5 b6 14. O-O Bxd5 15.
exd5 Qc7 16. g4 Qb7 17. c4 h6 18. Nc1 b5 19. Bxh6 bxc4 20. g5 Qxd5 21. gxf6
Qxd2 22. Bxd2 Bxf6 23. Bc3 d5 24. f4 Nd7 25. Bxf6 Nxf6 26. Na2 Rab8 27. Rab1
Rfe8 28. Bf3 d4 29. Rfc1 Re3 30. Bg2 Re2 31. Rxc4 Rbxb2 32. Rxb2 Rxb2 33. Nc1
Rb1 34. Bf1 Nd7 35. Bd3 Rb2 36. Bf5 Nf6 37. Rxc5 g6 38. Bd3 Ng4 39. Be2 Ne3 40.
Bxa6 Rg2+ 41. Kh1 Rf2 42. Be2 Rxf4 43. a5 Nd1 44. a6 Nc3 45. a7 1-0

[Event "IV Weekend A"]
[Site "Lesa ITA"]
[Date "2015.09.19"]
[Round "3"]
[White "Barletta, Mauro"]
[Black "Floris, Federico"]
[WhiteElo "2151"]
[BlackElo "1905"]
[Result "1/2-1/2"]
[PlyCount "44"]
[EventDate "2015.09.18"]

1. d4 d5 2. Bg5 h6 3. Bh4 c5 4. dxc5 g5 5. Bg3 Bg7 6. c3 Na6 7. e4 dxe4 8.
Qxd8+ Kxd8 9. Bxa6 bxa6 10. Na3 f5 11. O-O-O+ Ke8 12. Bc7 Be6 13. Ba5 Rc8 14.
b4 Nf6 15. h3 Nd5 16. Ne2 Nxc3 17. Nxc3 Bxc3 18. Kc2 Be5 19. Rd2 Bf4 20. Rd4
Be5 21. Rd2 Bf4 22. Rd4 Be5 1/2-1/2

[Event "IV Weekend A"]
[Site "Lesa ITA"]
[Date "2015.09.19"]
[Round "3"]
[White "Boschetti, Claudio"]
[Black "Schmid, Christoph"]
[WhiteElo "2158"]
[BlackElo "1990"]
[Result "1/2-1/2"]
[PlyCount "66"]
[EventDate "2015.09.18"]

1. e4 e6 2. d3 d5 3. Nd2 Nf6 4. c3 dxe4 5. dxe4 b6 6. Ngf3 Bb7 7. Bb5+ c6 8.
Be2 Nbd7 9. O-O Qc7 10. Qc2 Be7 11. a4 O-O 12. Re1 Ng4 13. h3 Nge5 14. Bf1
Nxf3+ 15. Nxf3 Ne5 16. Nxe5 Qxe5 17. f4 Bc5+ 18. Kh1 Qc7 19. b4 Be7 20. Be2 a5
21. bxa5 Rxa5 22. Bd2 b5 23. axb5 cxb5 24. Rxa5 Qxa5 25. Rb1 Bc6 26. Bf3 Qa4
27. Qb3 h6 28. Be3 Rd8 29. Bg1 Qxb3 30. Rxb3 Rb8 31. Bd4 b4 32. cxb4 Rxb4 33.
Rxb4 Bxb4 1/2-1/2

[Event "IV Weekend A"]
[Site "Lesa ITA"]
[Date "2015.09.19"]
[Round "3"]
[White "Ferrari, Nicola"]
[Black "Bargeri, Ludovico"]
[WhiteElo "1953"]
[BlackElo "2097"]
[Result "0-1"]
[PlyCount "78"]
[EventDate "2015.09.18"]

1. d4 Nf6 2. c4 e6 3. Nc3 Bb4 4. Nf3 c5 5. e3 O-O 6. Bd3 d5 7. cxd5 exd5 8. O-O
Nc6 9. a3 Ba5 10. dxc5 Bxc3 11. bxc3 Bg4 12. h3 Bxf3 13. Qxf3 Ne5 14. Qe2 Qa5
15. Bd2 Qxc5 16. Rfc1 Rac8 17. c4 Nxd3 18. Qxd3 dxc4 19. Qc2 Rfd8 20. Bc3 Nd5
21. Bd4 Qa5 22. Qf5 Qa6 23. Qg4 f6 24. e4 Nf4 25. Be3 Nd3 26. Rc3 b5 27. Rd1
Rc7 28. h4 Qc8 29. Qe2 Rcd7 30. Qg4 Qc6 31. Qf5 Ne5 32. Rxd7 Qxd7 33. Qxd7 Rxd7
34. f3 a5 35. Rc2 Rd3 36. Bc1 b4 37. axb4 axb4 38. Kf2 b3 39. Rb2 Rd1 0-1

[Event "IV Weekend A"]
[Site "Lesa ITA"]
[Date "2015.09.19"]
[Round "3"]
[White "Hofmann, Colin"]
[Black "Gemelli, Giovanni"]
[WhiteElo "1909"]
[BlackElo "1946"]
[Result "0-1"]
[PlyCount "54"]
[EventDate "2015.09.18"]

1. e4 c5 2. Nf3 Nc6 3. d4 cxd4 4. Nxd4 Nf6 5. Nc3 d6 6. Bg5 e6 7. Qd2 Be7 8. f4
O-O 9. O-O-O e5 10. Ndb5 Bg4 11. Re1 a6 12. Na3 exf4 13. Qxf4 Be6 14. Rd1 Ne5
15. Kb1 b5 16. Bxf6 Bxf6 17. Nd5 Bxd5 18. Rxd5 Rc8 19. c3 b4 20. Nc2 bxc3 21.
b3 a5 22. Bb5 Bg5 23. Qf2 Bd2 24. Ne3 Qb6 25. Ng4 c2+ 26. Kb2 c1=Q+ 27. Rxc1
Bxc1+ 0-1

[Event "IV Weekend A"]
[Site "Lesa ITA"]
[Date "2015.09.19"]
[Round "3"]
[White "Medici, Simone"]
[Black "Stefanetti, Marco"]
[WhiteElo "2110"]
[BlackElo "2113"]
[Result "1-0"]
[PlyCount "81"]
[EventDate "2015.09.18"]

1. d4 Nf6 2. c4 e6 3. Nf3 Bb4+ 4. Bd2 c5 5. Bxb4 cxb4 6. e3 O-O 7. Bd3 d6 8.
O-O Re8 9. e4 e5 10. d5 Na6 11. Nbd2 Nc5 12. Bc2 Bg4 13. h3 Bh5 14. Re1 h6 15.
Re3 a5 16. a3 Qb6 17. g4 Bg6 18. Nh4 Qc7 19. Nf5 Kh7 20. Rg3 b3 21. Bd3 Nxd3
22. Rxd3 Bxf5 23. gxf5 a4 24. Qf3 Rg8 25. Kh2 Raf8 26. Rg1 g6 27. Rc3 Qd7 28.
c5 gxf5 29. c6 bxc6 30. dxc6 Qc8 31. Rxg8 Rxg8 32. Qxf5+ Qxf5 33. exf5 d5 34.
Rc5 Rc8 35. f3 Kg7 36. Nb1 Kf8 37. Nc3 Ke7 38. Nxa4 Kd6 39. c7 d4 40. Kg2 Nd5
41. Rxd5+ 1-0

[Event "IV Weekend A"]
[Site "Lesa ITA"]
[Date "2015.09.19"]
[Round "3"]
[White "Rickly, Matthieu"]
[Black "Paleologu, Vladimir"]
[WhiteElo "2043"]
[BlackElo "2158"]
[Result "0-1"]
[PlyCount "80"]
[EventDate "2015.09.18"]

1. e4 d6 2. Nf3 Nf6 3. Nc3 e5 4. h3 c6 5. d4 Nbd7 6. a4 Be7 7. Bc4 h6 8. Be3
Qc7 9. dxe5 dxe5 10. O-O Bb4 11. Nd2 O-O 12. Qf3 Nc5 13. Bxh6 Ne6 14. Qg3 Nh5
15. Qh4 Nhf4 16. Bxf4 Nxf4 17. Nf3 Be7 18. Qg3 Qd6 19. Rad1 Qf6 20. Rfe1 g6 21.
Ne2 Kg7 22. Nxe5 Qxe5 23. Nxf4 Qxb2 24. Bxf7 g5 25. Ne6+ Kxf7 26. Nxf8 Kxf8 27.
Qd3 Qe5 28. Re3 Be6 29. Rf3+ Ke8 30. Rb1 Rd8 31. Qe2 Rd7 32. Rd3 Bd6 33. g3 Bc5
34. Kg2 Rh7 35. g4 Bc4 36. Rd8+ Kxd8 37. Qxc4 Rd7 38. Qg8+ Kc7 39. Qa8 Qxe4+
40. Kg1 Bxf2+ 0-1

[Event "IV Weekend A"]
[Site "Lesa ITA"]
[Date "2015.09.20"]
[Round "4"]
[White "Agnello, Francesco Claudio"]
[Black "Barletta, Mauro"]
[WhiteElo "1945"]
[BlackElo "2151"]
[Result "1/2-1/2"]
[PlyCount "95"]
[EventDate "2015.09.18"]

1. e4 e6 2. d4 d5 3. Nc3 Bb4 4. e5 c5 5. Bd2 Nh6 6. Nb5 Bxd2+ 7. Qxd2 O-O 8. c3
Nc6 9. f4 cxd4 10. Nxd4 f6 11. Ngf3 fxe5 12. Nxc6 bxc6 13. Nxe5 Qf6 14. Nxc6
Qxf4 15. Ne7+ Kh8 16. Qxf4 Rxf4 17. Nxc8 Rxc8 18. g3 Re4+ 19. Kd2 Rf8 20. Re1
Rf2+ 21. Re2 Rexe2+ 22. Bxe2 Kg8 23. Ke3 Rf8 24. Kd4 Rd8 25. Kc5 Kf7 26. Rd1
Nf5 27. Ba6 Ke7 28. g4 Nd6 29. Bd3 Rb8 30. Rd2 h6 31. h3 Rf8 32. Re2 Rf3 33.
Kd4 Kf6 34. Kc5 Ke7 35. Kd4 Rxh3 36. Bf5 Nxf5+ 37. gxf5 Rh4+ 38. Kd3 Re4 39.
Rxe4 dxe4+ 40. Kxe4 exf5+ 41. Kxf5 Kd6 42. c4 a5 43. b3 Kc5 44. Kg6 a4 45. Kf5
g5 46. Kg4 Kd4 47. Kf5 axb3 48. axb3 1/2-1/2

[Event "IV Weekend A"]
[Site "Lesa ITA"]
[Date "2015.09.20"]
[Round "4"]
[White "Bejo, Armand"]
[Black "Minerva, Enzo"]
[WhiteElo "1655"]
[BlackElo "1966"]
[Result "0-1"]
[PlyCount "128"]
[EventDate "2015.09.18"]

1. e4 c5 2. Nf3 g6 3. d4 Bg7 4. c3 cxd4 5. cxd4 d6 6. h3 Nf6 7. Nc3 a6 8. Bd3
b5 9. a3 Bb7 10. O-O Nbd7 11. Bf4 Rc8 12. Rc1 O-O 13. Re1 Re8 14. Qd2 Qb6 15.
Bh6 Bh8 16. Be3 Qa5 17. Nd5 Qxd2 18. Nxf6+ Nxf6 19. Nxd2 Nd7 20. b4 Rxc1 21.
Rxc1 Rc8 22. Rxc8+ Bxc8 23. Nb3 Nb6 24. Nd2 Na4 25. Kf1 Nb2 26. Ke2 Nxd3 27.
Kxd3 f5 28. f3 Kf7 29. Nb3 Ke6 30. d5+ Kf7 31. Bd4 fxe4+ 32. fxe4 Bf6 33. Ke3
Bg5+ 34. Kf3 e6 35. Be3 Bh4 36. g3 Bf6 37. h4 Bb2 38. Bc1 Be5 39. Bf4 Kf6 40.
Bg5+ Kf7 41. Bf4 Bxf4 42. Kxf4 e5+ 43. Ke3 g5 44. hxg5 Kg6 45. Na5 Kxg5 46. Nc6
Kg4 47. Kf2 Kg5 48. Nd8 Kf6 49. Kf3 Ke7 50. Nc6+ Kd7 51. Kg4 Bb7 52. Na5 Bc8
53. Kg5 Ke7 54. g4 Kf7 55. Kh5 Kg7 56. Nc6 Kf6 57. g5+ Kg7 58. Nd8 Kf8 59. Kh6
Bg4 60. Kxh7 Bf3 61. Kg6 Bxe4+ 62. Kf6 Bxd5 63. g6 e4 64. g7+ Kg8 0-1

[Event "IV Weekend A"]
[Site "Lesa ITA"]
[Date "2015.09.20"]
[Round "4"]
[White "Floris, Federico"]
[Black "Ferrari, Nicola"]
[WhiteElo "1905"]
[BlackElo "1953"]
[Result "1-0"]
[PlyCount "42"]
[EventDate "2015.09.18"]

1. e4 e5 2. Nf3 Nc6 3. Bc4 Bc5 4. b4 Bxb4 5. c3 Bd6 6. d4 Nf6 7. O-O h6 8. Nbd2
O-O 9. Bd3 b6 10. Nc4 Qe7 11. Re1 Bb7 12. Nh4 Ne8 13. Nf5 Qf6 14. f4 b5 15.
fxe5 Nxe5 16. Nxe5 Bxe5 17. dxe5 Qxe5 18. Qg4 Kh8 19. Rb1 Qxc3 20. Re3 Qf6 21.
Rg3 Qg6 1-0

[Event "IV Weekend A"]
[Site "Lesa ITA"]
[Date "2015.09.20"]
[Round "4"]
[White "Gemelli, Giovanni"]
[Black "Boschetti, Claudio"]
[WhiteElo "1943"]
[BlackElo "2158"]
[Result "0-1"]
[PlyCount "84"]
[EventDate "2015.09.18"]

1. e4 e5 2. Nf3 Nc6 3. d4 exd4 4. Nxd4 g6 5. Be3 Bg7 6. Nc3 d6 7. Bc4 Ne5 8.
Be2 Nf6 9. h3 c6 10. f4 Ned7 11. Bf3 O-O 12. Qd2 Re8 13. Nb3 Nb6 14. Qd3 d5 15.
O-O-O Be6 16. Qe2 Nfd7 17. e5 Nc4 18. Bg4 f5 19. Bf3 Bh6 20. Kb1 Ndxe5 21. Nd4
Bf7 22. fxe5 Nxe3 23. e6 Bxe6 24. Nxe6 Rxe6 25. Nxd5 cxd5 26. Bxd5 Qe7 27.
Bxe6+ Qxe6 28. g4 f4 29. Rd3 Rc8 30. Re1 Qe4 31. Qd2 Bf8 32. Rd4 Qxc2+ 33. Qxc2
Nxc2 34. Rc1 Nxd4 35. Rxc8 f3 36. Rc1 Bb4 37. Rf1 Bd2 38. b3 Kf7 39. Kb2 Ke6
40. Rd1 f2 41. Rxd2 f1=Q 42. Rxd4 Qf3 0-1

[Event "IV Weekend A"]
[Site "Lesa ITA"]
[Date "2015.09.20"]
[Round "4"]
[White "Paleologu, Vladimir"]
[Black "Bargeri, Ludovico"]
[WhiteElo "2158"]
[BlackElo "2092"]
[Result "1-0"]
[PlyCount "49"]
[EventDate "2015.09.18"]

1. e4 e6 2. d4 d5 3. exd5 exd5 4. Bf4 Nc6 5. Nc3 Bb4 6. Qd3 Nge7 7. O-O-O O-O
8. Nge2 a6 9. h4 b5 10. h5 Na5 11. h6 g6 12. Qg3 Ra7 13. a3 Nf5 14. Qf3 Bxc3
15. Nxc3 c6 16. g4 Nd6 17. Bd3 Nac4 18. Qg3 Rd7 19. Nb1 Qa5 20. b3 g5 21. Bxg5
Nxa3 22. Bf6 Rfd8 23. Qf4 Kf8 24. Qg5 Ne8 25. Qg7+ 1-0

[Event "IV Weekend A"]
[Site "Lesa ITA"]
[Date "2015.09.20"]
[Round "4"]
[White "Pedoni, Lorenzo"]
[Black "Rickly, Matthieu"]
[WhiteElo "1969"]
[BlackElo "2043"]
[Result "1/2-1/2"]
[PlyCount "45"]
[EventDate "2015.09.18"]

1. c4 e5 2. g3 Nc6 3. Nc3 f5 4. Bg2 Nf6 5. e3 g6 6. Nge2 Bg7 7. d4 O-O 8. O-O
d6 9. b3 e4 10. Bb2 g5 11. Qd2 Qe8 12. Nb5 Qf7 13. f3 a6 14. Nbc3 Qg6 15. fxe4
fxe4 16. Rac1 Bf5 17. Nd5 Nxd5 18. cxd5 Ne7 19. Nc3 c6 20. dxc6 Nxc6 21. Nd5
Rae8 22. Nc7 Re7 23. Nd5 1/2-1/2

[Event "IV Weekend A"]
[Site "Lesa ITA"]
[Date "2015.09.20"]
[Round "4"]
[White "Schmid, Christoph"]
[Black "Medici, Simone"]
[WhiteElo "1990"]
[BlackElo "2110"]
[Result "0-1"]
[PlyCount "96"]
[EventDate "2015.09.18"]

1. d4 d5 2. c4 e6 3. Nc3 Nf6 4. cxd5 exd5 5. Bg5 Be7 6. e3 O-O 7. Qc2 c6 8. Bd3
h6 9. Bh4 Re8 10. Nge2 Nbd7 11. O-O Nf8 12. Rad1 Bg4 13. f3 Be6 14. e4 Rc8 15.
e5 N6d7 16. Bxe7 Qxe7 17. f4 Bg4 18. h3 Bxe2 19. Qxe2 Qh4 20. Qe3 Ne6 21. Ne2
c5 22. Bb5 Red8 23. f5 Qg5 24. Qxg5 Nxg5 25. Nf4 Nb6 26. e6 Kf8 27. h4 Ne4 28.
exf7 Kxf7 29. dxc5 Nxc5 30. Nxd5 Rxd5 31. Rxd5 Nxd5 32. Bc4 Rd8 33. Rd1 Kf6 34.
Bxd5 Na4 35. Bb3 Rxd1+ 36. Bxd1 Nxb2 37. Bc2 Nc4 38. Kf2 Nd6 39. g4 h5 40. Kf3
hxg4+ 41. Kxg4 b5 42. Kf4 a5 43. h5 b4 44. Bd3 Nb7 45. Bc2 Nc5 46. Ke3 Ke5 47.
Bb1 Na4 48. Kd2 Nc3 0-1

[Event "IV Weekend A"]
[Site "Lesa ITA"]
[Date "2015.09.20"]
[Round "4"]
[White "Stefanetti, Marco"]
[Black "Hofmann, Colin"]
[WhiteElo "2113"]
[BlackElo "1904"]
[Result "1-0"]
[PlyCount "157"]
[EventDate "2015.09.18"]

1. e4 c5 2. Nc3 Nc6 3. Bb5 d6 4. Bxc6+ bxc6 5. d3 g6 6. Bd2 Bg7 7. f4 e6 8. Nf3
Ne7 9. O-O O-O 10. Qe1 d5 11. e5 Rb8 12. b3 Nf5 13. Qf2 Re8 14. Qxc5 d4 15. Ne4
Bf8 16. Qa5 Qxa5 17. Bxa5 Be7 18. Bd2 c5 19. g4 Ng7 20. Be1 Rd8 21. Bh4 Bxh4
22. Nxh4 Rb5 23. Nf3 Ne8 24. Nfd2 Bb7 25. a4 Rb6 26. Nc4 Rc6 27. Na5 Rc7 28.
Nxc5 Ba8 29. b4 Rcc8 30. Nab3 Nc7 31. f5 exf5 32. gxf5 Nd5 33. e6 gxf5 34.
exf7+ Kxf7 35. Rxf5+ Kg6 36. Nxd4 Nxb4 37. Nce6 Nxc2 38. Rg5+ Kf6 39. Rf1+ Ke7
40. Rg7+ Kd6 41. Nxd8 Nxd4 42. Nf7+ Ke6 43. Ng5+ Ke5 44. Rff7 Rc1+ 45. Kf2 Rc2+
46. Ke1 Rc1+ 47. Kd2 Rc2+ 48. Kd1 Bc6 49. Re7+ Kf5 50. Ref7+ Ke5 51. Rxa7 Rc3
52. Ra5+ Kf6 53. Rxh7 Bxa4+ 54. Kd2 Rc2+ 55. Ke3 Nf5+ 56. Rxf5+ Kxf5 57. Nf3
Kg6 58. Ra7 Be8 59. Ra6+ Kg7 60. Ra7+ Kg6 61. h4 Rc3 62. Re7 Bb5 63. Re6+ Kf7
64. Rd6 Ke7 65. Rd4 Ke6 66. Ng5+ Ke5 67. Ne4 Ra3 68. Nf2 Ra1 69. Rg4 Kf6 70. h5
Bd7 71. Ne4+ Kf7 72. Rg5 Rh1 73. Ra5 Bg4 74. Ng3 Rd1 75. h6 Kg6 76. Ra6+ Kh7
77. Ne4 Bf5 78. Ng5+ Kh8 79. Ra8+ 1-0

[Event "IV Weekend A"]
[Site "Lesa ITA"]
[Date "2015.09.20"]
[Round "5"]
[White "Bargeri, Ludovico"]
[Black "Medici, Simone"]
[WhiteElo "2092"]
[BlackElo "2110"]
[Result "0-1"]
[PlyCount "116"]
[EventDate "2015.09.18"]

1. b3 d5 2. Bb2 Nd7 3. f4 e6 4. Nf3 Ngf6 5. e3 Be7 6. Be2 O-O 7. O-O c6 8. Ne5
Nxe5 9. fxe5 Nd7 10. d4 Bg5 11. Qd3 f6 12. Bg4 f5 13. Bf3 a5 14. Nd2 b5 15. c4
bxc4 16. bxc4 Ba6 17. Rfe1 Nb6 18. Rac1 Rc8 19. Ba3 Be7 20. Bxe7 Qxe7 21. Qc3
Nxc4 22. Nxc4 Bxc4 23. Qxa5 Ra8 24. Qb6 Ra6 25. Qb1 Bxa2 26. Qb2 Bc4 27. Ra1
Raa8 28. Rxa8 Rxa8 29. Ra1 Rxa1+ 30. Qxa1 Qb7 31. Kf2 Kf7 32. Bh5+ g6 33. Bf3
Qa6 34. Qb2 Qa2 35. Qxa2 Bxa2 36. Be2 Ke7 37. h4 h6 38. g4 fxg4 39. Bxg4 Bb1
40. Kg3 Bf5 41. Bd1 Kd7 42. Kf4 Kc7 43. Ba4 Kb6 44. Bd1 c5 45. dxc5+ Kxc5 46.
Bf3 Kc4 47. Be2+ Kc3 48. Bd1 Kd2 49. Bf3 Kd3 50. Bg2 Be4 51. Bh3 Bf5 52. Bf1+
Kd2 53. Bg2 Ke2 54. Bf3+ Kf2 55. Bd1 g5+ 56. hxg5 hxg5+ 57. Kxg5 Kxe3 58. Bb3
d4 0-1

[Event "IV Weekend A"]
[Site "Lesa ITA"]
[Date "2015.09.20"]
[Round "5"]
[White "Barletta, Mauro"]
[Black "Pedoni, lorenzo"]
[WhiteElo "2151"]
[BlackElo "1969"]
[Result "1-0"]
[PlyCount "20"]
[EventDate "2015.09.18"]

1. d4 Nf6 2. Bg5 d5 3. e3 e6 4. Nd2 Be7 5. Bd3 Nbd7 6. Ngf3 c5 7. c3 b6 8. Qc2
O-O 9. Ne5 Nxe5 10. dxe5 Nd7 1-0

[Event "IV Weekend A"]
[Site "Lesa ITA"]
[Date "2015.09.20"]
[Round "5"]
[White "Boschetti, Claudio"]
[Black "Paleologu, Vladimir"]
[WhiteElo "2158"]
[BlackElo "2158"]
[Result "1/2-1/2"]
[PlyCount "76"]
[EventDate "2015.09.18"]

1. e4 d5 2. exd5 Qxd5 3. Nc3 Qa5 4. Bc4 Nf6 5. Nf3 Bf5 6. O-O e6 7. d3 c6 8.
Nd4 Bd6 9. Nxf5 Qxf5 10. d4 Nbd7 11. Bd3 Qh5 12. Qxh5 Nxh5 13. Ne4 Bf4 14. Re1
Bxc1 15. Raxc1 Ke7 16. g3 Nhf6 17. f4 Nxe4 18. Rxe4 g6 19. Re2 Kd6 20. Rd1 Rad8
21. c4 Rhe8 22. Red2 Nf6 23. Be2 Kc7 24. Bf3 Rd6 25. Kf2 Red8 26. Ke3 h6 27. b4
a5 28. a3 axb4 29. axb4 Ra8 30. Rb2 Ra3+ 31. Rd3 Rxd3+ 32. Kxd3 Rd8 33. Ra2 Kb8
34. Kc3 Kc7 35. Ra5 Kb6 36. Ra2 Kc7 37. Ra5 Kb6 38. Ra2 Kc7 1/2-1/2

[Event "IV Weekend A"]
[Site "Lesa ITA"]
[Date "2015.09.20"]
[Round "5"]
[White "Ferrari, Nicola"]
[Black "Agnello, Francesco Claudio"]
[WhiteElo "1953"]
[BlackElo "1945"]
[Result "1/2-1/2"]
[PlyCount "22"]
[EventDate "2015.09.18"]

1. d4 Nf6 2. c4 c5 3. d5 e6 4. Nc3 exd5 5. cxd5 d6 6. e4 g6 7. Bd3 Bg7 8. Nf3
O-O 9. O-O a6 10. a4 Qc7 11. h3 Nbd7 1/2-1/2

[Event "IV Weekend A"]
[Site "Lesa ITA"]
[Date "2015.09.20"]
[Round "5"]
[White "Hofmann, Colin"]
[Black "Bejo, Armand"]
[WhiteElo "1904"]
[BlackElo "1655"]
[Result "1-0"]
[PlyCount "87"]
[EventDate "2015.09.18"]

1. e4 e5 2. Nf3 Nf6 3. Nxe5 d6 4. Nf3 Nxe4 5. d4 d5 6. Bd3 Bd6 7. O-O O-O 8.
Re1 Bf5 9. c4 Bb4 10. Re2 c6 11. a3 Ba5 12. Qc2 Re8 13. b4 Bb6 14. Bf4 Nd7 15.
a4 a5 16. c5 Bc7 17. Bxc7 Qxc7 18. b5 Bg4 19. Bxe4 dxe4 20. Rxe4 Bxf3 21. gxf3
Nf6 22. Rxe8+ Rxe8 23. Nc3 Qf4 24. Qd3 Qg5+ 25. Kh1 Qh4 26. Qd2 Rd8 27. Rd1 Nd7
28. Ne4 Ne5 29. Qe2 Ng6 30. Nd6 Qf6 31. Qe4 Nh4 32. f4 h6 33. Nxb7 Rb8 34. bxc6
Nf5 35. Qe5 Qxc6+ 36. d5 Qxb7 37. Qxf5 Qb3 38. Qd3 Qxa4 39. c6 Qxf4 40. d6 g6
41. c7 Rb2 42. c8=Q+ Kh7 43. Qcc4 Qxf2 44. Qg3 1-0

[Event "IV Weekend A"]
[Site "Lesa ITA"]
[Date "2015.09.20"]
[Round "5"]
[White "Rickly, Matthieu"]
[Black "Gemelli, Giovanni"]
[WhiteElo "2043"]
[BlackElo "1943"]
[Result "1/2-1/2"]
[PlyCount "42"]
[EventDate "2015.09.18"]

1. e4 c5 2. Nf3 Nc6 3. d4 cxd4 4. Nxd4 Nf6 5. Nc3 d6 6. Bg5 e6 7. Bc4 Be7 8.
O-O O-O 9. Nxc6 bxc6 10. Qf3 d5 11. Rfd1 Bb7 12. Bd3 Nd7 13. Bxe7 Qxe7 14. Qg3
d4 15. Ne2 e5 16. f4 f6 17. f5 Nb6 18. h4 c5 19. b3 Qf7 20. Rab1 Rab8 21. c4 a5
1/2-1/2